<?xml version="1.0" encoding="UTF-8"?><?xml-stylesheet type="text/xsl" href="static/style.xsl"?><OAI-PMH xmlns="http://www.openarchives.org/OAI/2.0/" xmlns:xsi="http://www.w3.org/2001/XMLSchema-instance" xsi:schemaLocation="http://www.openarchives.org/OAI/2.0/ http://www.openarchives.org/OAI/2.0/OAI-PMH.xsd"><responseDate>2026-04-13T06:35:24Z</responseDate><request verb="GetRecord" identifier="oai:www.recercat.cat:2117/185633" metadataPrefix="marc">https://recercat.cat/oai/request</request><GetRecord><record><header><identifier>oai:recercat.cat:2117/185633</identifier><datestamp>2025-07-22T18:02:25Z</datestamp><setSpec>com_2072_1033</setSpec><setSpec>col_2072_452951</setSpec></header><metadata><record xmlns="http://www.loc.gov/MARC21/slim" xmlns:dcterms="http://purl.org/dc/terms/" xmlns:xsi="http://www.w3.org/2001/XMLSchema-instance" xmlns:doc="http://www.lyncode.com/xoai" xsi:schemaLocation="http://www.loc.gov/MARC21/slim http://www.loc.gov/standards/marcxml/schema/MARC21slim.xsd">
   <leader>00925njm 22002777a 4500</leader>
   <datafield ind2=" " ind1=" " tag="042">
      <subfield code="a">dc</subfield>
   </datafield>
   <datafield ind2=" " ind1=" " tag="720">
      <subfield code="a">Estapé Martinez, Núria</subfield>
      <subfield code="e">author</subfield>
   </datafield>
   <datafield ind2=" " ind1=" " tag="260">
      <subfield code="c">2018-01-10</subfield>
   </datafield>
   <datafield ind2=" " ind1=" " tag="520">
      <subfield code="a">Objectiu:&#xd;
Valorar els efectes prismàtics produïts en un pacient usuari de lents oftàlmiques i comparar-los en diferents anisometropies i en el cas d ́ametropia.&#xd;
Metodologia:&#xd;
Hem utilitzat diferents potències tant en lents positives com en lents negatives i dos índexs de refracció (1,52 i 1,81) per aquestes lents minerals.&#xd;
Inicialment s ́ha realitzat el càlcul teòric de la refracció dels raigs en travessar les diferents lents. Per a això s ́ha utilitzat el programa òptic Bream4.&#xd;
Posteriorment, es calcula l ́efecte prismàtic que produeix en el sistema visual aquesta desviació. Utilitzarem un full d ́Excel per agilitzar els càlculs i tractar les dades obtingudes posteriorment.&#xd;
Mitjançant aquesta fulla de càlcul d ́Excel hem trobat l ́efecte prismàtic que produeix la desviació d ́aquest raig.&#xd;
Resultat:&#xd;
Els càlculs revelen que l ́efecte prismàtic produït es diferent segons l ́anisometropia del pacient, l ́alçada del punt de fixació i l ́anisometropia de l ́ull.&#xd;
Conclusió:&#xd;
Després d ́analitzar les gràfiques obtingudes, es pot considerar que les anisometropies en pacients amb hipermetropia, són majors i més significatives que en pacients amb miopia.</subfield>
   </datafield>
   <datafield tag="653" ind2=" " ind1=" ">
      <subfield code="a">Àrees temàtiques de la UPC::Ciències de la visió::Optometria::Acomodació i refracció</subfield>
   </datafield>
   <datafield tag="653" ind2=" " ind1=" ">
      <subfield code="a">Àrees temàtiques de la UPC::Ciències de la visió::Instruments òptics i optomètrics::Lents oftàlmiques</subfield>
   </datafield>
   <datafield tag="653" ind2=" " ind1=" ">
      <subfield code="a">Ophthalmic lenses</subfield>
   </datafield>
   <datafield tag="653" ind2=" " ind1=" ">
      <subfield code="a">Eye--Accomodation and refraction</subfield>
   </datafield>
   <datafield tag="653" ind2=" " ind1=" ">
      <subfield code="a">Lents oftàlmiques</subfield>
   </datafield>
   <datafield tag="653" ind2=" " ind1=" ">
      <subfield code="a">Ulls -- Acomodació i refracció</subfield>
   </datafield>
   <datafield ind2="0" ind1="0" tag="245">
      <subfield code="a">Efectos prismáticos en casos de anisometropía en pacientes usuarios de lentes oftálmicas. Lents minerals</subfield>
   </datafield>
</record></metadata></record></GetRecord></OAI-PMH>